An introduction to default logic /

Guardado en:
Autor Principal: Besnard, Philippe.
Formato: Libro
Idioma:English
Publicado: Berlin ; New York : Springer-Verlag, c1989.
Series:Symbolic computation. Artificial intelligence
Materias:
Etiquetas: Agregar Etiqueta
Sin Etiquetas, Sea el primero en etiquetar este registro!
LEADER 00858nam a22002655a 4500
001 DCC.dcic000069
008 890809s1989####wb#######b####001#0#eng##
005 20160315154807.0
245 1 3 |a An introduction to default logic /  |c Philippe Besnard. 
260 |a Berlin ;  |a New York :  |b Springer-Verlag,  |c c1989. 
300 |a xi, 208 p. ;  |c 25 cm. 
440 0 |a Symbolic computation.  |p Artificial intelligence 
504 |a Includes bibliographical references ([195]-202). 
020 |a 0387515666 (U.S. : alk. paper) 
100 1 |a Besnard, Philippe. 
740 0 |a Default logic. 
082 0 0 |a 006.3  |2 20 
650 0 |a Artificial intelligence. 
650 0 |a Logic programming. 
650 0 |a Logic. 
010 |a  89021712  
040 |a DLC  |c DLC  |d DLC 
050 0 0 |a Q335  |b .B49 1989 
859 |a DCIC  |b BIB. COMPUTACION  |p 0110  |t 1 
859 |a DCIC  |b BIB. COMPUTACION  |p 0111  |t 2